000 00305nam a2200109Ia 4500
008 220204s9999 xx 000 0 und d
082 _a338.26
_bFIF
245 0 _aApproach to the fifth plan 1974-79: An appraisal
260 _aBombay
_bPopular Prakashan
_c1973
650 _aFifth five year plan
942 _cBK
999 _c22862
_d22862